| 000 | 00704cam a2200205 4500 | ||
|---|---|---|---|
| 001 | B2575 | ||
| 008 | 090401t1989 xxu||||| |||| 00| 0 eng d | ||
| 035 | _a(Sirsi) u50943 | ||
| 041 | _aeng | ||
| 050 | _a333.33076 | ||
| 090 | _aRICS 1989/64ABCD | ||
| 110 |
_aRoyal Institution of Chartered Surveyors _94900 |
||
| 245 | _aGeneral practice 1987 syllabus final, graduate entry scheme (final) and direct membership examination: specimen examination paper and reading list: professional practice and business management | ||
| 260 |
_aLondon _bRoyal Institution of Chartered Surveyors _c1989 |
||
| 300 | _a(4)p. ; 30cm. | ||
| 350 | _a1.5 | ||
| 650 | _aEXAMINATIONS | ||
| 942 | _n0 | ||
| 948 | _c04/03/1997 | ||
| 999 |
_c92778 _d92778 |
||